Oscarsverleihungen - Statistiken

Allgemein
  • Dieses Quiz wurde 349 mal gespielt
  • Das Durchschnittsergebnis liegt bei 5 aus 26
Antwortstatistiken
Auszeichnungen Film % Korrekt
11 Titanic
96%
11 Ben Hur
62%
11 Der Herr der Ringe - Die Rückkehr des Königs
43%
10 Vom Winde verweht
40%
7 Schindlers Liste
33%
7 Der mit dem Wolf tanzt
20%
7 Lawrence von Arabien
15%
10 West Side Story
15%
9 Der englische Patient
14%
8 Gandhi
13%
8 My Fair Lady
13%
8 Amadeus
12%
7 Die Brücke am Kwai
10%
9 Gigi
10%
7 Jenseits von Afrika
10%
8 Slumdog Millionär
10%
8 Cabaret
8%
9 Der letzte Kaiser
8%
7 Gravity
7%
8 Die Faust im Nacken
6%
7 Der Clou
5%
7 Patton - Rebell in Uniform
5%
7 Shakespear in Love
2%
7 Der Weg zum Glück
1%
8 Verdammt in alle Ewigkeiten
1%
8 Die besten Jahre unserers Lebens
0%
Keine übereinstimmenden Quizze gefunden
Verteilung der Resultate
Anzahl Personen mit jedem Resultat
Perzentil nach korrekt beantworteten Fragen
Ihre Resultats-Entwicklung
Sie haben dieses Quiz noch nicht gespielt